|
|
|
|
| LEADER |
00000nam a2200000 a 4500 |
| 001 |
vtls008304080 |
| 003 |
SK-MaSNL |
| 005 |
20260302085739.0 |
| 008 |
240315s1995 at o g 001 0 eng |
| 020 |
|
|
|a 0521483298
|q (brož.)
|
| 040 |
|
|
|a SNK
|b slo
|c SNK
|e AACR2
|
| 041 |
0 |
|
|a eng
|
| 044 |
|
|
|a at
|c AU
|
| 072 |
|
7 |
|a 159.96
|x Zvláštne duševné stavy a procesy
|2 konspekt
|
| 080 |
|
|
|a 159.962
|2 MDT-MRF
|
| 080 |
|
|
|a 130.31
|2 MDT-MRF
|
| 080 |
|
|
|a 130.3
|2 MDT-MRF
|
| 080 |
|
|
|a (048.8)
|2 MDT-MRF
|
| 100 |
1 |
|
|a Gauld, Alan
|4 aut
|9 756348
|
| 245 |
1 |
2 |
|a A history of hypnotism
|c Alan Gauld
|
| 250 |
|
|
|a 1st paperback ed.
|
| 260 |
|
|
|a Melbourne
|b Cambridge University Press
|c 1995
|
| 300 |
|
|
|a xvii, 738 s.
|b fotogr.
|c 25 cm
|
| 650 |
0 |
7 |
|a myseľ
|2 SNKPH
|9 17465
|
| 650 |
0 |
7 |
|a mimozmyslové vnímanie
|2 SNKPH
|9 4386
|
| 650 |
0 |
7 |
|a hypnóza
|2 SNKPH
|9 15525
|
| 655 |
|
7 |
|a štúdie
|2 SNKPH
|9 57033
|
| 919 |
|
|
|a 0-521-48329-8
|
| 999 |
|
|
|c 1193621
|d 1195551
|
| 952 |
|
|
|t snkGAU 615.851.2(091)
|a SNKUST
|b SNKUST
|y PREZ
|7 0
|p 17A0484990
|o snkIC 132607
|i snk2005/18132
|8 2
|g 31.87
|0 0
|1 0
|4 0
|d 2005-10-20
|l 0
|r 2025-04-29 00:00:00
|w 2026-02-24
|